00385nam a22001337a 450000500170000000800410001704100130005808200130007110000130008424500420009726000570013930000290019665000260022520240617082555.0240617b |||||||| |||| 00| 0 eng d aEnglish  a349 LAW  lEnglish  aThe All England Law Reports: Reprint  aLondon: bButterworth and Co. Publishers Ltd, c1974 bl, 1204 pages; c24 cm. aLegal practice bLaw